Kvalita zdravotníckych služieb bakalárska práca

Saved in:
Bibliographic Details
Main Author: Angst, Peter
Corporate Author: Obchodná fakulta EU. Katedra služieb a cestovného ruchu - zrušené
Other Authors: Šuterová, Viola, 1957-
Format: Book
Language:Slovak
Published: Bratislava 2010
Tags: Add Tag
No Tags, Be the first to tag this record!

MARC

LEADER 00000nam$a2200000$$$4500
001 0129234
005 20240320074212.2
041 0 |a slo 
044 |a SK 
245 1 0 |a Kvalita zdravotníckych služieb  |b bakalárska práca  |c Peter Angst ; škol. Viola Šuterová 
264 1 |a Bratislava  |c 2010 
300 |a 47 s. 
100 1 |a Angst, Peter 
700 1 |a Šuterová, Viola, 1957- 
710 2 |a Obchodná fakulta EU. Katedra služieb a cestovného ruchu - zrušené